<?xml version="1.0" encoding="UTF-8"?><?xml-stylesheet type="text/xsl" href="static/style.xsl"?><OAI-PMH xmlns="http://www.openarchives.org/OAI/2.0/" xmlns:xsi="http://www.w3.org/2001/XMLSchema-instance" xsi:schemaLocation="http://www.openarchives.org/OAI/2.0/ http://www.openarchives.org/OAI/2.0/OAI-PMH.xsd"><responseDate>2026-04-17T02:54:14Z</responseDate><request verb="GetRecord" identifier="oai:www.recercat.cat:2117/341412" metadataPrefix="marc">https://recercat.cat/oai/request</request><GetRecord><record><header><identifier>oai:recercat.cat:2117/341412</identifier><datestamp>2025-07-22T22:11:05Z</datestamp><setSpec>com_2072_1033</setSpec><setSpec>col_2072_452951</setSpec></header><metadata><record xmlns="http://www.loc.gov/MARC21/slim" xmlns:dcterms="http://purl.org/dc/terms/" xmlns:xsi="http://www.w3.org/2001/XMLSchema-instance" xmlns:doc="http://www.lyncode.com/xoai" xsi:schemaLocation="http://www.loc.gov/MARC21/slim http://www.loc.gov/standards/marcxml/schema/MARC21slim.xsd">
   <leader>00925njm 22002777a 4500</leader>
   <datafield ind2=" " ind1=" " tag="042">
      <subfield code="a">dc</subfield>
   </datafield>
   <datafield ind2=" " ind1=" " tag="720">
      <subfield code="a">Latorre i Gómez, Òscar</subfield>
      <subfield code="e">author</subfield>
   </datafield>
   <datafield ind2=" " ind1=" " tag="260">
      <subfield code="c">2020-09-28</subfield>
   </datafield>
   <datafield ind2=" " ind1=" " tag="520">
      <subfield code="a">Projecte de construcció d'un aparcament subterrani en el barri de La Guienueta de Barcelona. Concretament sota la rasant de la Rambla del Caçador. El projecte inclou també la creació d'una nova plaça pública mitjançant la re-urbanització del solar, adjacent a la rambla, ocupat actualment per un aparcament en superfície. S'ha portat a terme donada la forta demanda veïnal del Districte de Nou Barris que fa necessària la ampliació actual de l'oferta de places d'aparcament.</subfield>
   </datafield>
   <datafield ind2=" " ind1=" " tag="520">
      <subfield code="a">Proyecto de construcción de un aparcamiento subterráneo en el barrio de La Guienueta de Barcelona. Concretamente bajo la rasante de la Rambla del Cazador. El proyecto incluye también la creación de una nueva plaza pública mediante la re-urbanización del solar, adyacente a la rambla, ocupado actualmente por un aparcamiento en superficie. Se ha llevado a cabo dada la fuerte demanda vecinal del Distrito de Nou Barris que hace necesaria la ampliación actual de la oferta de plazas de aparcamiento.</subfield>
   </datafield>
   <datafield ind2=" " ind1=" " tag="520">
      <subfield code="a">Construction project for an underground car park in the La Guienueta district of Barcelona. Specifically below the slope of the Rambla del Caçador. The project also includes the creation of a new public square through the redevelopment of the site, adjacent to the boulevard, currently occupied by a surface car park. It has been carried out given the strong neighborhood demand of the Nou Barris District which makes it necessary to expand the current supply of parking spaces.</subfield>
   </datafield>
   <datafield tag="653" ind2=" " ind1=" ">
      <subfield code="a">Àrees temàtiques de la UPC::Enginyeria civil::Materials i estructures::Tipologies estructurals</subfield>
   </datafield>
   <datafield tag="653" ind2=" " ind1=" ">
      <subfield code="a">Parking garages</subfield>
   </datafield>
   <datafield tag="653" ind2=" " ind1=" ">
      <subfield code="a">Urbanization</subfield>
   </datafield>
   <datafield tag="653" ind2=" " ind1=" ">
      <subfield code="a">Projecte de construcció d'un aparcament subterrani</subfield>
   </datafield>
   <datafield tag="653" ind2=" " ind1=" ">
      <subfield code="a">Pàrquings subterranis</subfield>
   </datafield>
   <datafield tag="653" ind2=" " ind1=" ">
      <subfield code="a">Urbanització -- Catalunya -- Barcelona</subfield>
   </datafield>
   <datafield ind2="0" ind1="0" tag="245">
      <subfield code="a">Projecte de construcció d’aparcament subterrani i urbanització de la nova Plaça del Caçador</subfield>
   </datafield>
</record></metadata></record></GetRecord></OAI-PMH>